Welcome to CU Library Online Public Access Catalogue (OPAC)

Equity and Trusts: (Record no. 5512)

MARC details
000 -LEADER
fixed length control field 00455nam a22001697a 4500
005 - DATE AND TIME OF LATEST TRANSACTION
control field 20250423144202.0
008 - FIXED-LENGTH DATA ELEMENTS--GENERAL INFORMATION
fixed length control field 250423b |||||||| |||| 00| 0 eng d
050 ## - LIBRARY OF CONGRESS CALL NUMBER
Classification number KD1480
Item number .D38 DAV
100 ## - MAIN ENTRY--PERSONAL NAME
Personal name Davies, Paul S.
245 ## - TITLE STATEMENT
Title Equity and Trusts:
Remainder of title Text, Cases, and Materials
250 ## - EDITION STATEMENT
Edition statement 3rd ed.
260 ## - PUBLICATION, DISTRIBUTION, ETC.
Place of publication, distribution, etc. Oxford
Name of publisher, distributor, etc. Oxford University Press
Date of publication, distribution, etc. C2019
300 ## - PHYSICAL DESCRIPTION
Extent xi, 1038pp
650 ## - SUBJECT ADDED ENTRY--TOPICAL TERM
Source of heading or term Law of Equity
700 ## - ADDED ENTRY--PERSONAL NAME
Personal name Graham Virgo
942 ## - ADDED ENTRY ELEMENTS (KOHA)
Source of classification or shelving scheme Library of Congress Classification
Koha item type Books
Suppress in OPAC No
999 ## -
-- 5512
-- 5512
Holdings
Withdrawn status Lost status Source of classification or shelving scheme Damaged status Not for loan Collection Home library Current library Shelving location Date acquired Total checkouts Full call number Barcode Date last seen Copy number Price effective from Koha item type
    Library of Congress Classification     Non-fiction Law Library (Christ Temple) Law Library (Christ Temple) General stacks 04/23/2025   KD1480.D38 DAV LLCT00000581 04/23/2025 1 04/23/2025 Books
© 2023-2024 Copyright: Central University Libraries. All Rights Reserved | Created by: Mahone Tech Office